[Event "Saint Quentin op 4th"]
[Site "Saint Quentin"]
[Date "2001.04.19"]
[Round "6.39"]
[White "Kachiwagi, Itchijo"]
[Black "Buret, Julien"]
[Result "0-1"]
[WhiteElo "1499"]
[BlackElo "1750"]
[PlyCount "98"]
[EventDate "2001.04.15"]
[EventType "swiss"]
[EventRounds "9"]
[EventCountry "FRA"]
[SourceTitle "EXT 2002"]
[Source "ChessBase"]
[SourceDate "2001.11.25"]
[SourceVersion "1"]
[SourceVersionDate "2001.11.25"]
[SourceQuality "1"]

1. c4 Nf6 2. Nc3 g6 3. Nf3 Bg7 4. g3 d5 5. d4 dxc4 6. Qa4+ Nc6 7. Bg2 0-0 8. Qxc4 Be6 9. Qb5 Rb8 10. e3 a6 11. Qd3 Nb4 12. Qd2 c5 13. 0-0 cxd4 14. Nxd4 Bc4 15. Rd1 Qa5 16. b3 Bd3 17. a3 e5 18. Bb2 exd4 19. exd4 Nc2 20. Qxd3 Nxa1 21. b4 Qc7 22. Bxa1 Rfd8 23. d5 Rd6 24. Na4 Nd7 25. Bxg7 Kxg7 26. Qd4+ f6 27. Nc5 Nxc5 28. bxc5 Rdd8 29. Bh3 Qe5 30. Qxe5 fxe5 31. Kg2 Kf6 32. Kf3 h5 33. Ke4 g5 34. Bf5 h4 35. d6 hxg3 36. fxg3 Rh8 37. h3 Rh5 38. d7 Ke7 39. Kxe5 g4 40. hxg4 Rh2 41. Rd6 Re2+ 42. Kf4 a5 43. Rh6 Kf7 44. Rh7+ Kg8 45. Kg5 Rf8 46. Kg6 a4 47. Kh6 Rh2+ 48. Kg5 Rxh7 49. Bxh7+ Kxh7 0-1

[Event "Saint Quentin op 4th"]
[Site "Saint Quentin"]
[Date "2001.04.18"]
[Round "5.34"]
[White "Lazard, Philippe"]
[Black "Kachiwagi, Itchijo"]
[Result "1-0"]
[WhiteElo "1880"]
[BlackElo "1499"]
[PlyCount "55"]
[EventDate "2001.04.15"]
[EventType "swiss"]
[EventRounds "9"]
[EventCountry "FRA"]
[SourceTitle "EXT 2002"]
[Source "ChessBase"]
[SourceDate "2001.11.25"]
[SourceVersion "1"]
[SourceVersionDate "2001.11.25"]
[SourceQuality "1"]

1. e4 e6 2. d4 d5 3. e5 c5 4. c3 Nc6 5. Nf3 Qb6 6. a3 Nh6 7. Bxh6 gxh6 8. b4 cxd4 9. cxd4 Bd7 10. Be2 0-0-0 11. 0-0 Rg8 12. Nc3 Be7 13. Rc1 Kb8 14. Na4 Qc7 15. b5 Bxa3 16. bxc6 Bxc1 17. cxd7 Ba3 18. Qb3 Be7 19. Bb5 Rg4 20. Nc5 Qb6 21. Na4 Qa5 22. Rb1 Rdg8 23. g3 h5 24. h3 R4g7 25. Kg2 Kc7 26. Rc1+ Kb8 27. Qc2 Qd8 28. Qd2 1-0